|
|
|
|
| LEADER |
00621nam a2200193 4500 |
| 020 |
|
|
|
| 082 |
|
|
|a M19953 SRE
|
| 100 |
|
|
|a Sreevidya, S
|
| 245 |
|
|
|a Some Aspects on the Digestion of Plant matter by Ctenopharyngedon idella (Val.) and Oreochromis Mossambicus (Peters)
|
| 250 |
|
|
|
| 260 |
|
|
|a Dept. of Aquatic Biology & Fisheries, University of Kerala, Thiruvananthapuram
|c 1995
|
| 300 |
|
|
|
| 490 |
|
|
|a Aravindan, CM
|
| 500 |
|
|
|
| 590 |
|
|
|a SHK
|
| 650 |
|
|
|
| 942 |
|
|
|c BK
|
| 999 |
|
|
|c 101495
|d 101495
|
| 952 |
|
|
|0 0
|1 0
|4 0
|6 M_19953_000000000000000_SRE
|7 0
|9 114963
|a AQU
|b AQU
|l 0
|o M19953 SRE
|p AQUM19953
|r 2019-09-25
|w 2019-09-25
|y BK
|